[Event "Harrogate 4NCL op-C 29th"]
[Site "Harrogate"]
[Date "2023.01.22"]
[Round "5"]
[White "Collins, Steve"]
[Black "Wilson, Jeff"]
[Result "0-1"]
[WhiteElo "1281"]
[BlackElo "1455"]
[PlyCount "78"]
[EventDate "2023.01.20"]
[EventType "swiss"]
[EventRounds "5"]
[EventCountry "ENG"]
[SourceTitle "CBM 212 Extra"]
[Source "ChessBase"]
[SourceDate "2023.03.31"]
[SourceVersion "1"]
[SourceVersionDate "2023.03.31"]
[SourceQuality "1"]

1. d4 Nf6 2. Bg5 e6 3. e4 Be7 4. e5 Nd5 5. Bxe7 Qxe7 6. c4 Nb6 7. Bd3 Qb4+ 8. Qd2 Nc6 9. Nf3 Qxd2+ 10. Nbxd2 Nb4 11. Bb1 d5 12. a3 Nc6 13. Bd3 h6 14. 0-0 g5 15. b3 g4 16. Nh4 Nxd4 17. c5 Nd7 18. f4 Nxc5 19. Bb1 Ndxb3 20. Nxb3 Nxb3 21. Ra2 c5 22. f5 c4 23. Raf2 a5 24. Ng6 fxg6 25. fxg6 Rg8 26. g7 Kd7 27. Rf7+ Kc6 28. Bh7 Rxg7 29. Rxg7 b5 30. Rff7 b4 31. a4 c3 32. Rc7+ Kb6 33. Bd3 Nd4 34. Kf2 Ba6 35. Bxa6 Kxa6 36. Ke3 Nf5+ 37. Kd3 Nxg7 38. Rc6+ Kb7 39. Rc5 Nf5 0-1

[Event "IECC CL4-2001.37"]
[Site "IECC email"]
[Date "2001.11.30"]
[Round "?"]
[White "Shutov, Andry"]
[Black "Collins, Steve"]
[Result "0-1"]
[WhiteElo "1814"]
[BlackElo "1622"]
[PlyCount "100"]
[EventDate "2001.??.??"]
[EventType "tourn (corr)"]
[EventRounds "4"]
[SourceTitle "Corr 2008"]
[Source "ChessBase"]
[SourceDate "2008.06.24"]
[SourceVersion "1"]
[SourceVersionDate "2008.06.24"]
[SourceQuality "1"]

1. e4 c5 2. c3 Nf6 3. d3 g6 4. e5 Nd5 5. d4 cxd4 6. Qxd4 e6 7. Nf3 Nc6 8. Qe4 d6 9. Bb5 Bg7 10. 0-0 dxe5 11. Nxe5 Qc7 12. Nd3 0-0 13. Bg5 h6 14. Be3 Rd8 15. Nd2 e5 16. Qf3 Nxe3 17. Qxe3 Qb6 18. a4 Bf5 19. Qe2 Bxd3 20. Bxd3 Qxb2 21. Rac1 Rac8 22. Rfd1 Nb4 23. Nc4 Qxe2 24. Bxe2 Nd5 25. Na5 Nf4 26. Bf1 b6 27. Rxd8+ Rxd8 28. Nc6 Rd7 29. Re1 Nd3 30. Rd1 e4 31. Nb4 Nc5 32. Rxd7 Nxd7 33. Bb5 Nc5 34. Nd5 Kf8 35. Kf1 f5 36. h3 g5 37. Ke2 f4 38. Kd2 h5 39. Nb4 g4 40. hxg4 hxg4 41. Kc2 f3 42. gxf3 exf3 43. Kd2 Ne4+ 44. Ke3 Nxc3 45. Kf4 a5 46. Nc2 Nxb5 47. axb5 Ke7 48. Kxg4 Kd6 49. Kxf3 Kc5 50. Ke4 Kxb5 0-1

[Event "IECC M email"]
[Site "IECC email"]
[Date "2001.10.30"]
[Round "?"]
[White "Collins, Steve"]
[Black "Williams, Derek"]
[Result "0-1"]
[WhiteElo "1614"]
[BlackElo "1613"]
[PlyCount "74"]
[EventDate "2001.??.??"]
[EventType "tourn (corr)"]
[EventRounds "6"]
[SourceTitle "Corr 2008"]
[Source "ChessBase"]
[SourceDate "2008.06.24"]
[SourceVersion "1"]
[SourceVersionDate "2008.06.24"]
[SourceQuality "1"]

1. e4 e5 2. Nf3 Nc6 3. Bb5 a6 4. Ba4 Nf6 5. d4 exd4 6. 0-0 Nxe4 7. Nxd4 Nxd4 8. Qxd4 Nc5 9. Re1+ Ne6 10. Bb3 c6 11. c4 Be7 12. Qd3 0-0 13. Be3 f5 14. Nc3 d6 15. Na4 f4 16. Bb6 Qe8 17. Bc2 g6 18. Ba5 b5 19. Nb6 Ra7 20. Bc3 bxc4 21. Nxc4 Qd8 22. Rad1 Nc5 23. Qd4 Bf6 24. Qxc5 dxc5 25. Rxd8 Bxd8 26. Nd6 Bf6 27. Bxf6 Rxf6 28. Nxc8 Rb7 29. b3 Kf8 30. Bd1 Rd7 31. Kf1 Rd2 32. a3 a5 33. Bg4 h5 34. Be2 Kg7 35. Nb6 Rb2 36. Bd1 Ra2 37. Nc4 Rf8 0-1

[Event "IECC M email"]
[Site "IECC email"]
[Date "2001.10.02"]
[Round "?"]
[White "Collins, Steve"]
[Black "Ferraro, Guglielmo"]
[Result "1/2-1/2"]
[WhiteElo "1656"]
[BlackElo "1619"]
[PlyCount "39"]
[EventDate "2001.??.??"]
[EventType "tourn (corr)"]
[EventRounds "6"]
[SourceTitle "Corr 2008"]
[Source "ChessBase"]
[SourceDate "2008.06.24"]
[SourceVersion "1"]
[SourceVersionDate "2008.06.24"]
[SourceQuality "1"]

1. e4 c5 2. Nf3 d6 3. d4 cxd4 4. Nxd4 Nf6 5. Nc3 a6 6. Be2 e5 7. Nb3 Be7 8. 0-0 0-0 9. Kh1 b5 10. a4 Bb7 11. Nd5 bxa4 12. Rxa4 Bc6 13. Ra3 Nxe4 14. Na5 Nf6 15. Nxc6 Nxc6 16. Bc4 Rb8 17. Rxa6 Nxd5 18. Bxd5 Nb4 19. Ra7 Nxd5 20. Qxd5 1/2-1/2

[Event "IECC M email"]
[Site "IECC email"]
[Date "2001.10.02"]
[Round "?"]
[White "Collins, Steve"]
[Black "Forget, Remy"]
[Result "1/2-1/2"]
[WhiteElo "1638"]
[BlackElo "1519"]
[PlyCount "35"]
[EventDate "2001.??.??"]
[EventType "tourn (corr)"]
[EventRounds "6"]
[SourceTitle "Corr 2008"]
[Source "ChessBase"]
[SourceDate "2008.06.24"]
[SourceVersion "1"]
[SourceVersionDate "2008.06.24"]
[SourceQuality "1"]

1. e4 e5 2. Nf3 Nc6 3. Bb5 a6 4. Ba4 Nf6 5. d4 exd4 6. 0-0 b5 7. Bb3 d6 8. Bd5 Bb7 9. Nxd4 Qd7 10. Nxc6 Bxc6 11. Bxc6 Qxc6 12. Nc3 Be7 13. Re1 0-0 14. Bg5 Rfe8 15. a4 b4 16. Nd5 Nxd5 17. exd5 Qd7 18. Bxe7 1/2-1/2

[Event "IECC M email"]
[Site "IECC email"]
[Date "2001.09.30"]
[Round "?"]
[White "Coyne, David W"]
[Black "Collins, Steve"]
[Result "1/2-1/2"]
[WhiteElo "1807"]
[BlackElo "1645"]
[PlyCount "38"]
[EventDate "2001.??.??"]
[EventType "tourn (corr)"]
[EventRounds "6"]
[SourceTitle "Corr 2008"]
[Source "ChessBase"]
[SourceDate "2008.06.24"]
[SourceVersion "1"]
[SourceVersionDate "2008.06.24"]
[SourceQuality "1"]

1. e4 c5 2. Nf3 d6 3. d4 cxd4 4. Nxd4 Nf6 5. Nc3 a6 6. Bg5 e6 7. f4 Nbd7 8. Qe2 h6 9. Bxf6 Qxf6 10. Qf2 b5 11. Bd3 Bb7 12. 0-0 Nc5 13. b4 Nxd3 14. cxd3 Be7 15. a4 bxa4 16. Nxa4 Bd8 17. b5 0-0 18. b6 Rc8 19. Rac1 Rxc1 1/2-1/2

[Event "IECC M email"]
[Site "IECC email"]
[Date "2001.09.25"]
[Round "?"]
[White "Garnett, Edward"]
[Black "Collins, Steve"]
[Result "1/2-1/2"]
[WhiteElo "1666"]
[BlackElo "1636"]
[PlyCount "36"]
[EventDate "2001.??.??"]
[EventType "tourn (corr)"]
[EventRounds "6"]
[SourceTitle "Corr 2008"]
[Source "ChessBase"]
[SourceDate "2008.06.24"]
[SourceVersion "1"]
[SourceVersionDate "2008.06.24"]
[SourceQuality "1"]

1. e4 c5 2. Nf3 d6 3. d4 cxd4 4. Nxd4 Nf6 5. Nc3 a6 6. Be2 e5 7. Nb3 Be7 8. 0-0 0-0 9. Qd3 Nbd7 10. a4 b6 11. Qg3 Kh8 12. Be3 Bb7 13. Nd2 Qc7 14. Rad1 Nc5 15. f3 d5 16. exd5 Nxd5 17. Nxd5 Bxd5 18. b3 Ne6 1/2-1/2

[Event "IECC M email"]
[Site "IECC email"]
[Date "2001.08.19"]
[Round "?"]
[White "Myers, Charlie"]
[Black "Collins, Steve"]
[Result "1-0"]
[WhiteElo "1656"]
[BlackElo "1640"]
[PlyCount "59"]
[EventDate "2001.??.??"]
[EventType "tourn (corr)"]
[EventRounds "6"]
[SourceTitle "Corr 2008"]
[Source "ChessBase"]
[SourceDate "2008.06.24"]
[SourceVersion "1"]
[SourceVersionDate "2008.06.24"]
[SourceQuality "1"]

1. d4 d5 2. c4 e6 3. Nc3 Nf6 4. Bg5 Be7 5. e3 0-0 6. Nf3 h6 7. Bh4 b6 8. Bd3 Bb7 9. Bxf6 Bxf6 10. cxd5 exd5 11. 0-0 Re8 12. Rc1 c6 13. Re1 Nd7 14. e4 Nf8 15. e5 Be7 16. Qc2 Bg5 17. Nxg5 Qxg5 18. Ne2 Rac8 19. f4 Qe7 20. Ng3 g6 21. f5 Qb4 22. fxg6 Qxd4+ 23. Kh1 fxg6 24. Bxg6 Rxe5 25. Nf5 Rxe1+ 26. Rxe1 Qf6 27. Ne7+ Kg7 28. Nxc8 Bxc8 29. Bd3 c5 30. Qa4 1-0